Report of the Kerala police reorganisation committee (Record no. 493923)

000 -LEADER
fixed length control field 00282cam a22000977a 4500
008 - FIXED-LENGTH DATA ELEMENTS--GENERAL INFORMATION
fixed length control field 180718b1960 xxu||||| |||| 00| 0 eng d
082 ## - DEWEY DECIMAL CLASSIFICATION NUMBER
Classification number N4x5453 K45
245 ## - TITLE STATEMENT
Title Report of the Kerala police reorganisation committee
260 ## - PUBLICATION, DISTRIBUTION, ETC.
Place of publication, distribution, etc. Ernakulam
Name of publisher, distributor, etc. The Government Press
Date of publication, distribution, etc. 1960
300 ## - PHYSICAL DESCRIPTION
Extent 100p.
Holdings
Withdrawn status Lost status Damaged status Not for loan Permanent Location Current Location Date acquired Full call number Barcode Date last seen Price effective from Koha item type
        Indian Institute of Public Administration Indian Institute of Public Administration 2018-08-04 N4x5453 K45 G5786 2018-08-04 2018-08-04 G

Powered by Koha